| 000 | 00996nam a2200181 a 4500 | ||
|---|---|---|---|
| 008 | 120416s1983 ||||||||||||||||| || u | ||
| 050 | _aHF 5635 Har | ||
| 100 | _aHarvey, Mike | ||
| 245 | 1 | 0 | _aFinancial accounting theory and standards |
| 250 | _a2nd ed. | ||
| 260 |
_aEnglewood Cliffs, N.J. _bFT Prentice-Hall _c1983 |
||
| 300 | _ax, 214p. : ill | ||
| 350 | _a0.00 | ||
| 995 |
_aTEXTBOOKS (SB) _D0.00 _e01204 _FCBU-SCHOOL TEXTBOOK COLLECTIONS _H1 _I0.00 _jSCHOOL TEXTBOOK _M4 _UAVAILABLE _WSep 17, 2009 _y01204 _ZSchool Collections |
||
| 995 |
_aTEXTBOOKS (SB) _D0.00 _e01203 _FCBU-SCHOOL TEXTBOOK COLLECTIONS _H1 _I0.00 _jSCHOOL TEXTBOOK _M3 _UAVAILABLE _WSep 17, 2009 _y01203 _ZSchool Collections |
||
| 995 |
_aMAIN LIBRARY OPEN ACCESS _D0.00 _e708569 _FCBU-MAIN LIBRARY (Kitwe) _H2 _I8.95 _jHF 5635 Har _M2 _UAVAILABLE _y020121 _ZMain Library Open Access Collection |
||
| 995 |
_aTEXTBOOKS (SB) _D0.00 _e1987 _FCBU-SCHOOL TEXTBOOK COLLECTIONS _H1 _I0.00 _jSCHOOL TEXTBOOK _M5 _UAVAILABLE _WSep 18, 2009 _y1987 _ZSchool Collections |
||
| 999 |
_c63070 _d63070 |
||